00304pab a2200109 454500008003600000100001800036245006700054650002000121650001500141650001400156773002400170180718b xxu||||| |||| 00| 0 eng d aTokei, Ferenc aDemocracy and socialism in George Lukacs, political philosophy a Lukacs, George a Democracy aSocialism aScience and Society